Медицинское музееведение (Запись № 11213334)
[ простой вид ]
| 000 -МАРКЕР | |
|---|---|
| контрольное поле | 02395nam0a2200373 4500 |
| 001 - ИДЕНТИФИКАТОР ЗАПИСИ | |
| контрольное поле | RU\NLR\BIBL_A\011345071 |
| 005 - ИДЕНТИФИКАТОР ВЕРСИИ | |
| контрольное поле | 20240921230309.0 |
| 010 ## - МЕЖДУНАРОДНЫЙ СТАНДАРТНЫЙ НОМЕР КНИГИ (ISBN) | |
| Номер (ISBN) | 9785990932821 |
| Тираж | 200 |
| 021 ## - НОМЕР ГОСУДАРСТВЕННОЙ РЕГИСТРАЦИИ | |
| Код страны | Российская Федерация |
| Номер | 2017-8627 |
| Номер Листа государственной регистраци | 631 |
| 035 ## - ДРУГИЕ СИСТЕМНЫЕ НОМЕРА | |
| Идентификатор записи | (RuMoRGB)008790456 |
| 035 ## - ДРУГИЕ СИСТЕМНЫЕ НОМЕРА | |
| Идентификатор записи | (NLR Aleph) 011345071 |
| 100 ## - ДАННЫЕ ОБЩЕЙ ОБРАБОТКИ | |
| Данные общей обработки | 20170313d2017 u y0rusy50 ca |
| 101 0# - ЯЗЫК РЕСУРСА | |
| Язык текста, звукозаписи и т.д. | русский |
| 102 ## - СТРАНА ПУБЛИКАЦИИ ИЛИ ПРОИЗВОДСТВА | |
| Страна публикации | Российская Федерация |
| 105 ## - ПОЛЕ КОДИРОВАННЫХ ДАННЫХ: ТЕКСТОВЫЕ МАТЕРИАЛЫ, МОНОГРАФИЧЕСКИЕ | |
| Кодированные данные о монографическом текстовом документе | ac j 000zy |
| 200 1# - ЗАГЛАВИЕ И СВЕДЕНИЯ ОБ ОТВЕТСТВЕННОСТИ | |
| Основное заглавие | Медицинское музееведение |
| Сведения, относящиеся к заглавию | справочные материалы по истории медицины для студентов медицинских и фармацевтических вузов всех форм обучения |
| Первые сведения об ответственности | К.А. Пашков, Е.Е. Бергер, Г.Г. Слышкин [и др.] |
| Последующие сведения об ответственности | Центр развития историко-медицинских музеев Российской Федерации Минздрава России, Московский государственный медико-стоматологический университет им. А.И. Евдокимова, Кафедра истории медицины, Российское общество историков медицины |
| 210 ## - ПУБЛИКАЦИЯ, РАСПРОСТРАНЕНИЕ И ДР. | |
| Место издания, распространения и т.д. | Москва |
| Имя издателя, распространителя и т. д. | Магистраль |
| Дата издания, распространения и т.д. | 2017 |
| 215 ## - ФИЗИЧЕСКАЯ ХАРАКТЕРИСТИКА | |
| Специфическое обозначение материала и объем | 351 с. |
| Другие сведения о физической характеристике | ил., цв. ил., портр. |
| Размеры | 24 |
| 300 ## - ОБЩИЕ ПРИМЕЧАНИЯ | |
| Текст примечания | На обороте тит. л. авт.: Пашков К.А. - д.м.н., проф., Бергер Е.Е. - к.ист.н., доц., Слышкин Г.Г. - д.филол.н., проф. |
| 320 ## - ПРИМЕЧАНИЯ О НАЛИЧИИ В ДОКУМЕНТЕ БИБЛИОГРАФИИ / УКАЗАТЕЛЯ | |
| Текст примечания | Библиогр. в конце разд. |
| 606 1# - НАИМЕНОВАНИЕ ТЕМЫ КАК ПРЕДМЕТ | |
| Наименование темы | Медицинские музеи |
| Формальный подзаголовок | Справочники |
| Географический подзаголовок | Российская Федерация |
| Системный номер авторитетной/нормативной записи | 2561781 |
| Идентификатор авторитетной/нормативной записи | RU\NLR\AUTH\661515378 |
| 606 1# - НАИМЕНОВАНИЕ ТЕМЫ КАК ПРЕДМЕТ | |
| Наименование темы | Медицинские музеи |
| Формальный подзаголовок | Справочники |
| Географический подзаголовок | Зарубежные страны |
| Системный номер авторитетной/нормативной записи | 2320120 |
| Идентификатор авторитетной/нормативной записи | RU\NLR\AUTH\6601613001 |
| 686 ## - ИНДЕКСЫ ДРУГИХ КЛАССИФИКАЦИЙ | |
| Индекс | Р.е(0)л6я2 |
| Код системы | |
| 686 1# - ИНДЕКСЫ ДРУГИХ КЛАССИФИКАЦИЙ | |
| Индекс | Р.е(2)л6я22 |
| 686 1# - ИНДЕКСЫ ДРУГИХ КЛАССИФИКАЦИЙ | |
| Индекс | Р.е(0)л6я22 |
| 701 #1 - ИМЯ ЛИЦА - АЛЬТЕРНАТИВНАЯ ОТВЕТСТВЕННОСТЬ | |
| Графика поля | Кириллица |
| Материалы, к которым относится поле | rus |
| Начальный элемент ввода | Пашков |
| Часть имени, кроме начального элемента ввода | К. А. |
| Дополнения к именам, кроме дат | д-р мед. наук |
| Даты | 1976- |
| Расширение инициалов личного имени | Константин Анатольевич |
| Системный номер авторитетной/нормативной записи | 206676 |
| Идентификатор авторитетной/нормативной записи | RU\NLR\AUTH\770206728 |
| 701 #1 - ИМЯ ЛИЦА - АЛЬТЕРНАТИВНАЯ ОТВЕТСТВЕННОСТЬ | |
| Начальный элемент ввода | Бергер |
| Часть имени, кроме начального элемента ввода | Е. Е. |
| Расширение инициалов личного имени | Елена Евгеньевна |
| 701 #1 - ИМЯ ЛИЦА - АЛЬТЕРНАТИВНАЯ ОТВЕТСТВЕННОСТЬ | |
| Начальный элемент ввода | Слышкин |
| Часть имени, кроме начального элемента ввода | Г. Г. |
| Расширение инициалов личного имени | Геннадий Геннадьевич |
| 942 ## - ДОПОЛНИТЕЛЬНЫЕ ЭЛЕМЕНТЫ ЗАПИСИ (АБИС) | |
| Тип экземпляра АБИС | Книга |
| 980 ## - КОЛЛЕКЦИЯ | |
| Название коллекции | НБР |
Нет доступных экземпляров.